[Event "Chigorin Memorial 07th"]
[Site "St Petersburg"]
[Date "1999.11.05"]
[Round "4"]
[White "Asrian, Karen"]
[Black "Nikanorov, Andrej"]
[Result "1-0"]
[WhiteElo "2575"]
[BlackElo "2340"]
[PlyCount "61"]
[EventDate "1999.11.02"]
[EventType "swiss"]
[EventRounds "9"]
[EventCountry "RUS"]
[SourceTitle "CBM 074"]
[Source "ChessBase"]
[SourceDate "2000.02.01"]
[SourceVersion "1"]
[SourceVersionDate "2000.02.01"]
[SourceQuality "1"]

1. e4 c5 2. Nf3 d6 3. d4 cxd4 4. Nxd4 Nf6 5. Nc3 g6 6. Be3 Bg7 7. Be2 0-0 8. f4 Nc6 9. Nb3 Be6 10. g4 Na5 11. g5 Nd7 12. Bd4 Bxd4 13. Qxd4 Qb6 14. Qxb6 axb6 15. Nd4 Bc4 16. Bg4 e5 17. Ndb5 f5 18. Bh3 Bxb5 19. Nxb5 Nc4 20. 0-0 Nc5 21. exf5 gxf5 22. Nc7 Ne3 23. Nxa8 Nxf1 24. Rxf1 Rxa8 25. fxe5 dxe5 26. Bxf5 Ra4 27. Re1 e4 28. a3 Rd4 29. b4 Na4 30. Rxe4 Rd2 31. Re7 1-0

[Event "Chigorin Memorial 07th"]
[Site "St Petersburg"]
[Date "1999.11.03"]
[Round "2"]
[White "Sorokina, Anastasia"]
[Black "Nikanorov, Andrej"]
[Result "0-1"]
[WhiteElo "2162"]
[BlackElo "2340"]
[PlyCount "58"]
[EventDate "1999.11.02"]
[EventType "swiss"]
[EventRounds "9"]
[EventCountry "RUS"]
[SourceTitle "CBM 074"]
[Source "ChessBase"]
[SourceDate "2000.02.01"]
[SourceVersion "1"]
[SourceVersionDate "2000.02.01"]
[SourceQuality "1"]

1. e4 e5 2. f4 exf4 3. Nf3 d5 4. exd5 Nf6 5. Bc4 Nxd5 6. 0-0 Be6 7. Bxd5 Bxd5 8. Re1+ Be7 9. Nc3 0-0 10. Nxd5 Qxd5 11. d4 Bd6 12. b3 c5 13. c4 Qf5 14. d5 Nd7 15. Bb2 Rfe8 16. Qd2 Nf6 17. Qc3 Rxe1+ 18. Rxe1 Re8 19. Rxe8+ Nxe8 20. Qe1 Kf8 21. h3 f6 22. Kh2 g5 23. Qa5 h5 24. Qe1 g4 25. hxg4 hxg4 26. Nd2 f3+ 27. Kg1 Qf4 28. gxf3 Qh2+ 29. Kf1 g3 0-1

[Event "Chigorin Memorial 06th"]
[Site "St Petersburg"]
[Date "1998.11.08"]
[Round "8"]
[White "Nikanorov, Andrej"]
[Black "Segal, Naum"]
[Result "1-0"]
[WhiteElo "2265"]
[BlackElo "2145"]
[PlyCount "93"]
[EventDate "1998.10.31"]
[EventType "swiss"]
[EventRounds "9"]
[EventCountry "RUS"]
[SourceTitle "CBM 067 Extra"]
[Source "ChessBase"]
[SourceDate "1999.01.01"]
[SourceVersion "1"]
[SourceVersionDate "1999.01.01"]
[SourceQuality "1"]

1. e4 c6 2. d4 d5 3. e5 c5 4. c3 Nc6 5. h3 e6 6. Nf3 Qc7 7. Na3 a6 8. Nc2 Bd7 9. Bd3 h6 10. h4 0-0-0 11. Be3 Nge7 12. Qd2 g6 13. Bf4 c4 14. Be2 Na7 15. Ne3 f5 16. g4 Kb8 17. g5 h5 18. 0-0 Bc6 19. Rfb1 Kc8 20. Ng2 Kd7 21. Qe1 Ke8 22. Bc1 Kf7 23. Nf4 b5 24. b3 cxb3 25. axb3 Bb7 26. Ba3 Nec6 27. Bxf8 Rhxf8 28. Qc1 Qb6 29. b4 Nb8 30. Ne1 Nd7 31. Ned3 Kg7 32. Qd1 Rh8 33. Kg2 Rc8 34. Nc5 Nxc5 35. bxc5 Qc6 36. Bf3 Qd7 37. c4 Rc7 38. cxd5 exd5 39. e6 Qe7 40. Qe1 Kh7 41. Bxd5 Nc6 42. Bxc6 Rxc6 43. f3 Rd8 44. Qe5 Qg7 45. Re1 Rcc8 46. Qxg7+ Kxg7 47. e7 1-0

[Event "Chigorin Memorial 06th"]
[Site "St Petersburg"]
[Date "1998.11.07"]
[Round "7"]
[White "Pogosjan, Vladimir"]
[Black "Nikanorov, Andrej"]
[Result "1-0"]
[WhiteElo "2325"]
[BlackElo "2265"]
[PlyCount "111"]
[EventDate "1998.10.31"]
[EventType "swiss"]
[EventRounds "9"]
[EventCountry "RUS"]
[SourceTitle "CBM 067 Extra"]
[Source "ChessBase"]
[SourceDate "1999.01.01"]
[SourceVersion "1"]
[SourceVersionDate "1999.01.01"]
[SourceQuality "1"]

1. e4 c5 2. Nc3 Nc6 3. f4 d6 4. Bc4 Nf6 5. Nf3 e6 6. Qe2 Be7 7. Bb5 Bd7 8. e5 dxe5 9. fxe5 Nd5 10. Nxd5 exd5 11. b3 a6 12. Bxc6 Bxc6 13. Bb2 d4 14. 0-0-0 0-0 15. h4 b5 16. e6 Bd5 17. exf7+ Rxf7 18. Ne5 Rf6 19. Rde1 Bd6 20. Qg4 Qc7 21. Nf3 Raf8 22. Ng5 Kh8 23. Nxh7 Rf4 24. Qd1 Bf3 25. gxf3 Kxh7 26. Qe2 c4 27. Kb1 Qc5 28. Rhg1 Rxh4 29. Qe6 Qc7 30. Rg4 Rxg4 31. fxg4 c3 32. Rh1+ Bh2 33. dxc3 dxc3 34. Bxc3 Rf2 35. Kb2 b4 36. Qe4+ Kg8 37. Qxb4 Be5 38. Rh3 a5 39. Qe4 Bxc3+ 40. Rxc3 Qd7 41. Qa8+ Rf8 42. Qxa5 Qd4 43. Qc5 Qxg4 44. Qd5+ Kh7 45. a4 Rf5 46. Qd3 Qg6 47. Rc4 Qf6+ 48. Ka2 g6 49. Qe3 Qd8 50. Qg3 Rf7 51. Rc6 Qg8 52. Qh3+ Kg7 53. Rc8 Rf8 54. Qc3+ Kh6 55. Qe3+ Kg7 56. Qe7+ 1-0

[Event "Chigorin Memorial 06th"]
[Site "St Petersburg"]
[Date "1998.11.04"]
[Round "5"]
[White "Kirusha, Andrey"]
[Black "Nikanorov, Andrej"]
[Result "1-0"]
[WhiteElo "2400"]
[BlackElo "2265"]
[PlyCount "109"]
[EventDate "1998.10.31"]
[EventType "swiss"]
[EventRounds "9"]
[EventCountry "RUS"]
[SourceTitle "CBM 067 Extra"]
[Source "ChessBase"]
[SourceDate "1999.01.01"]
[SourceVersion "1"]
[SourceVersionDate "1999.01.01"]
[SourceQuality "1"]

1. Nf3 Nf6 2. c4 e6 3. g3 d5 4. d4 Bb4+ 5. Bd2 Bxd2+ 6. Nbxd2 b6 7. Bg2 Bb7 8. cxd5 exd5 9. Qa4+ Qd7 10. Qxd7+ Nbxd7 11. 0-0 0-0 12. Rac1 c5 13. Rfd1 Rfe8 14. e3 Rac8 15. Bh3 Rcd8 16. dxc5 bxc5 17. Bg2 Rc8 18. Ne1 Ne5 19. Ndf3 c4 20. Nxe5 Rxe5 21. Nf3 Re7 22. Nd4 g6 23. Rc3 a5 24. Rdc1 Rd8 25. b3 cxb3 26. Rxb3 a4 27. Rb4 Ra8 28. a3 Ra5 29. Bf1 Ne4 30. Nc6 Bxc6 31. Rxc6 Raa7 32. Be2 Kg7 33. Bd3 f5 34. Kg2 Kf7 35. Bc2 Rec7 36. Rxa4 Rab7 37. Rxc7+ Rxc7 38. Bb3 Ke6 39. Ra5 Nf6 40. Rb5 Rc1 41. Rb6+ Ke7 42. a4 Ra1 43. Rb5 h6 44. a5 Ra3 45. Bxd5 Nxd5 46. Rxd5 Ra2 47. Rb5 Kf7 48. h4 h5 49. Kf3 Kg7 50. Kf4 Rxf2+ 51. Kg5 Ra2 52. Rb7+ Kf8 53. Ra7 Ra3 54. a6 Rxe3 55. Rb7 1-0

[Event "Chigorin Memorial 06th"]
[Site "St Petersburg"]
[Date "1998.11.03"]
[Round "4"]
[White "Nikanorov, Andrej"]
[Black "Payen, Arnaud"]
[Result "0-1"]
[WhiteElo "2265"]
[BlackElo "2420"]
[PlyCount "142"]
[EventDate "1998.10.31"]
[EventType "swiss"]
[EventRounds "9"]
[EventCountry "RUS"]
[SourceTitle "CBM 067 Extra"]
[Source "ChessBase"]
[SourceDate "1999.01.01"]
[SourceVersion "1"]
[SourceVersionDate "1999.01.01"]
[SourceQuality "1"]

1. e4 e5 2. Nf3 Nc6 3. Bb5 Nf6 4. 0-0 Nxe4 5. d4 Be7 6. Re1 Nd6 7. Bxc6 dxc6 8. dxe5 Nf5 9. Nc3 Qxd1 10. Rxd1 Nh4 11. Nxh4 Bxh4 12. Bf4 Bf5 13. Rd2 Rd8 14. Rxd8+ Kxd8 15. Rc1 Kc8 16. Nd1 Rd8 17. Ne3 Be6 18. Bg3 Be7 19. Kf1 a5 20. a3 g6 21. Ke2 h5 22. f4 f6 23. Bh4 Rf8 24. Bxf6 Bxf6 25. exf6 Rxf6 26. g3 Kd7 27. Rd1+ Ke7 28. Rd4 c5 29. Re4 Kd6 30. Re5 a4 31. Kd3 b5 32. Kc3 c6 33. Kd3 Bd7 34. Rg5 Be6 35. Re5 Bd7 36. Ke4 Be6 37. c3 Bd7 38. f5 Bxf5+ 39. Nxf5+ gxf5+ 40. Rxf5 Re6+ 41. Kd3 c4+ 42. Kd2 Rh6 43. Rf4 Re6 44. Rf5 Rh6 45. Ke3 Re6+ 46. Kf2 Rh6 47. Kg2 Re6 48. Kf2 Rh6 49. h3 Ke6 50. Rg5 Kd7 51. Re5 Rd6 52. Ke2 Rd3 53. Re3 Rd5 54. Kf3 Rf5+ 55. Kg2 Rd5 56. Re2 Rd3 57. g4 h4 58. Kh2 c5 59. g5 Rd6 60. Kg1 Rd1+ 61. Kh2 Rd6 62. Rg2 Ke7 63. g6 Kf8 64. g7+ Kg8 65. Kg1 Rd3 66. Kh2 b4 67. cxb4 cxb4 68. axb4 Rb3 69. b5 Rxb5 70. Rc2 Rb3 71. Kg1 c3 0-1